|
|
|
|
| LEADER |
00000nam a2200000 a 4500 |
| 005 |
20110922112724.0 |
| 007 |
cr ||||||||||| |
| 008 |
080422s198u9999xxu|||||s 000 ||eng|| |
| 022 |
|
|
|a 0019-1876
|
| 035 |
|
|
|a 3124
|
| 040 |
|
|
|a vLex
|
| 043 |
|
|
|a n-us---
|
| 090 |
|
|
|c 2524
|d 2524
|
| 245 |
0 |
0 |
|a Illinois bar journal
|h [Recurso electrn̤ico]
|
| 256 |
|
|
|a Servicio en ln̕ea.
|
| 260 |
|
|
|a Illinois :
|b Illinois State Bar Association,
|c [198-?]-
|
| 300 |
|
|
|a 1 recurso electrn̤ico
|
| 310 |
|
|
|a Mensual
|
| 362 |
|
|
|a Nm︢. 1 [198?] -
|
| 500 |
|
|
|a Descripcin̤ hecha a partir de: Vol. 95, issue 2 (Feb. 2007)
|
| 506 |
1 |
|
|a Contenido solo disponible en los productos indicados
|d vLex Global
|d vLex Global (Academic Edition, excluding Law Schools)
|d vLex Global (Academic Edition, Law Schools)
|
| 650 |
0 |
4 |
|a Derecho
|z Estados Unidos de Amřica
|x Revistas
|
| 650 |
0 |
4 |
|a Derecho
|x Revistas
|
| 740 |
0 |
|
|a vLex Revistas (Servicio en ln̕ea)
|
| 856 |
4 |
0 |
|z Acceso restringido
|u http://vlex.com/source/illinois-bar-journal-3124
|
| 942 |
|
|
|c REV
|